01067nam a22002417a 4500999001500000003000900015008004100024020001500065040007100080082001900151100002000170245011000190260004500300300002800345440003500373505019700408650003100605650003000636650002400666942001600690945002000706952009900726  c1275d1275AR-CdUCM190226b           ||||| |||| 00| 0 spa d  a9506941262  aMUNICIPALIDAD PROVINCIAL DEL CUSCOcBIBLIOTECA MUNICIPAL DEL CUSCO  a327.980 /bA87  aAtkins, G. Pope  aSudamérica en la década de 1990 :bel desarrollo de las relaciones internacionales en una nueva era /  aBuenos Aires :bLatinoamericano ,c1990.  a195 páginas ;c23 cm.  aEstados internacionales 94942  aAmérica del sur y el sistema político internacional -- La política interna y externa de Sudamérica -- El estado del pensamiento geopolítico -- Brasil y el subsistente del cono sur...  aPolítica exterior.94556  aPolítica interna.94943  aSudamérica.94944  2ddccLIBROS  awfjd2019-02-26  002ddc4070aSHbSHcCARTd2019-02-26g20.00o327.980 / A87pSH0000001353r2019-02-26yLIBROS